Ядерно-физические технологии в клинической и экспериментальной медицине: состояние, проблемы, перспективы: материалы Международной школы-конференции, г. Томск, 3-7 июня 2013 г.

Detalles Bibliográficos
Corporate Authors: Ядерно-физические технологии в клинической и экспериментальной медицине: состояние, проблемы, перспективы школа-конференция, Национальный исследовательский Томский политехнический университет (ТПУ)
Summary:Заглавие с экрана
Idioma:ruso
Publicado: Томск, Изд-во ТПУ, 2013
Subjects:
Acceso en liña:http://www.lib.tpu.ru/fulltext/c/2013/C61/C61.pdf
Formato: MixedMaterials Electrónico Libro
KOHA link:https://koha.lib.tpu.ru/cgi-bin/koha/opac-detail.pl?biblionumber=605419

MARC

LEADER 00000nam0a2200000 4500
001 605419
005 20231102022934.0
035 |a (RuTPU)RU\TPU\conf\2721 
090 |a 605419 
100 |a 20140411d2013 k y0rusy50 ca 
101 0 |a rus 
102 |a RU 
105 |a y z 100zy 
135 |a drcn ---uucaa 
181 0 |a i  
182 0 |a b 
200 1 |a Ядерно-физические технологии в клинической и экспериментальной медицине: состояние, проблемы, перспективы  |e материалы Международной школы-конференции, г. Томск, 3-7 июня 2013 г.  |f Национальный исследовательский Томский политехнический университет (ТПУ) 
203 |a Текст  |c электронный 
210 |a Томск  |c Изд-во ТПУ  |d 2013 
230 |a 1 компьютерный файл (pdf; 1,6 MB) 
300 |a Заглавие с экрана 
337 |a Adobe Reader 
606 1 |a Медицинская техника  |2 stltpush  |3 (RuTPU)RU\TPU\subj\41798  |9 61577 
606 1 |a Ядерная физика, прикладная  |2 stltpush  |3 (RuTPU)RU\TPU\subj\21566  |9 46530 
610 1 |a электронный ресурс 
610 1 |a труды учёных ТПУ 
610 1 |a материалы конференций 
610 1 |a клиническая медицина 
610 1 |a экспериментальная медицина 
610 1 |a лучевая терапия 
610 1 |a больные 
610 1 |a томография 
610 1 |a фармакологические препараты 
610 1 |a воспалительные процессы 
610 1 |a радионуклиды 
610 1 |a диагностика 
675 |a 615.47(063)  |v 3 
675 |a 621.039(063)  |v 3 
712 1 2 |a Ядерно-физические технологии в клинической и экспериментальной медицине: состояние, проблемы, перспективы  |b школа-конференция  |e Томск  |f 2013 
712 0 2 |a Национальный исследовательский Томский политехнический университет (ТПУ)  |c (2009- )  |2 stltpush  |3 (RuTPU)RU\TPU\col\15902 
801 2 |a RU  |b 63413507  |c 20150218  |g RCR 
856 4 |u http://www.lib.tpu.ru/fulltext/c/2013/C61/C61.pdf 
942 |c BK